Health care law : (Record no. 3919)

MARC details
000 -LEADER
fixed length control field 00951cam a22002532 4500
001 - CONTROL NUMBER
control field 0000019408
005 - DATE AND TIME OF LATEST TRANSACTION
control field 20151217145914.0
008 - FIXED-LENGTH DATA ELEMENTS--GENERAL INFORMATION
fixed length control field 101115s xx 000 0 eng d
020 ## - INTERNATIONAL STANDARD BOOK NUMBER
International Standard Book Number 0421710108 :
040 ## - CATALOGING SOURCE
Original cataloging agency KABU
Transcribing agency KABU
245 10 - TITLE STATEMENT
Title Health care law :
Remainder of title text and materials /
Statement of responsibility, etc. Jean McHale ... [et al.].
250 ## - EDITION STATEMENT
Edition statement 2nd ed.
260 ## - PUBLICATION, DISTRIBUTION, ETC. (IMPRINT)
Place of publication, distribution, etc. London :
Name of publisher, distributor, etc. Sweet & Maxwell,
Date of publication, distribution, etc. 2007.
300 ## - PHYSICAL DESCRIPTION
Extent xxxvi, 1204 p.
650 #0 - SUBJECT ADDED ENTRY--TOPICAL TERM
Topical term or geographic name as entry element Medical care
General subdivision Law and legislation.
Geographic subdivision Great Britain.
-- 0000178751
700 1# - ADDED ENTRY--PERSONAL NAME
Personal name McHale, Jean.
-- 0000179682
852 1# - LOCATION
-- p4700.80 KES
852 1# - LOCATION
-- p4700.80 KES
852 1# - LOCATION
-- p4290 KES
852 1# - LOCATION
-- p4393 KES
852 1# - LOCATION
-- p5330 KES
908 ## - PUT COMMAND PARAMETER (RLIN)
Put command parameter 101115
950 ## - LOCAL HOLDINGS (RLIN)
-- 1
Holdings
Withdrawn status Lost status Source of classification or shelving scheme Not for loan Home library Current library Date acquired Total Checkouts Full call number Barcode Date last seen Date last checked out Price effective from Koha item type
    Library of Congress Classification   Kabarak, Main Campus Kabarak, Main Campus 17/12/2015 1 KD3395 .H43 2007 c. 6 19752 18/03/2022 22/02/2022 17/12/2015 General Collection
    Library of Congress Classification   Kabarak, Main Campus Kabarak, Main Campus 17/12/2015   KD3395 .H43 2007 c. 8 19803 17/12/2015   17/12/2015 General Collection
    Library of Congress Classification   Kabarak, Main Campus Kabarak, Main Campus 17/12/2015   KD3395 .H43 2007 c. 2 23442 17/12/2015   17/12/2015 General Collection
    Library of Congress Classification   Kabarak, Main Campus Kabarak, Main Campus 17/12/2015   KD3395 .H43 2007 c. 4 22621 17/12/2015   17/12/2015 General Collection
    Library of Congress Classification   Kabarak, Main Campus Kabarak, Main Campus 17/12/2015   KD3395 .H43 2007 c. 3 23205 17/12/2015   17/12/2015 General Collection
    Library of Congress Classification   Kabarak, Main Campus Kabarak, Main Campus 17/12/2015 2 KD3395 .H43 2007 c. 5 19755 16/12/2019 19/11/2019 17/12/2015 General Collection
    Library of Congress Classification   Kabarak, Main Campus Kabarak, Main Campus 17/12/2015   KD3395 .H43 2007 c. 7 19800 17/12/2015   17/12/2015 General Collection
    Library of Congress Classification   Kabarak, Main Campus Kabarak, Main Campus 17/12/2015 3 KD3395 .H43 2007 c. 9 19749 28/07/2020 20/01/2020 17/12/2015 General Collection
    Library of Congress Classification   Kabarak, Main Campus Kabarak, Main Campus 17/12/2015 1 KD3395 .H43 2007 c. 10 021006 15/10/2019 30/09/2019 17/12/2015 General Collection
    Library of Congress Classification   Kabarak, Main Campus Kabarak, Main Campus 17/12/2015 3 KD3395 .H43 2007 c. 11 021007 24/10/2021 06/10/2021 17/12/2015 General Collection
    Library of Congress Classification   Kabarak, Main Campus Kabarak, Main Campus 17/12/2015 1 KD3395 .H43 2007 c. 12 021009 05/12/2017 30/11/2017 17/12/2015 General Collection
    Library of Congress Classification   Kabarak, Main Campus Kabarak, Main Campus 17/12/2015 1 KD3395 .H43 2007 c. 13 021010 31/05/2021 30/05/2021 17/12/2015 General Collection
    Library of Congress Classification   Kabarak, Main Campus Kabarak, Main Campus 17/12/2015 2 KD3395 .H43 2007 c. 14 021011 14/10/2019 30/09/2019 17/12/2015 General Collection
    Library of Congress Classification   Kabarak, Main Campus Kabarak, Main Campus 17/12/2015 1 KD3395 .H43 2007 c. 15 021002 24/09/2024 24/09/2024 17/12/2015 General Collection
    Library of Congress Classification   Kabarak, Main Campus Kabarak, Main Campus 17/12/2015   KD3395 .H43 2007 c. 16 021003 17/12/2015   17/12/2015 General Collection
    Library of Congress Classification   Kabarak, Main Campus Kabarak, Main Campus 17/12/2015   KD3395 .H43 2007 c. 17 021004 17/12/2015   17/12/2015 General Collection
    Library of Congress Classification   Kabarak, Main Campus Kabarak, Main Campus 17/12/2015   KD3395 .H43 2007 c. 18 021005 17/12/2015   17/12/2015 General Collection
    Library of Congress Classification   Kabarak, Main Campus Kabarak, Main Campus 17/12/2015   KD3395 .H43 2007 c. 19 021001 17/12/2015   17/12/2015 General Collection
    Library of Congress Classification   Kabarak, Main Campus Kabarak, Main Campus 17/12/2015 2 KD3395 .H43 2007 c. 1 23443 19/02/2018 08/02/2018 17/12/2015 General Collection
Designed with assistance from East African Informatics Ltd